[Event "3rd Sharjah Masters 2019"]
[Site "Sharjah"]
[Date "2019.03.30"]
[Round "9.26"]
[White "Nigmatov, Ortik"]
[Black "Sapaev, Maksad"]
[Result "0-1"]
[WhiteElo "2478"]
[BlackElo "2214"]
[Annotator "TA"]
[PlyCount "100"]
[EventDate "2019.03.22"]
[EventType "swiss"]
[EventCountry "UAE"]
[SourceTitle "playchess.com"]
[Source "ChessBase"]
[SourceQuality "1"]

{[%evp 22,100,7,0,4,0,53,-10,40,-32,12,13,15,16,23,10,27,28,30,0,54,68,77,19,33,-10,-11,-39,-37,-60,-62,-69,-6,-169,-49,-62,0,0,0,0,0,0,0,0,10,0,0,0,0,0,0,0,0,0,283,0,0,0,0,0,0,-65,-55,-240,-275,-366,-361,-356,-329,-448,-433,-646,-645,-1791,-1710,-1441,-1076,-1059,-1059,-778,-735]} 1. e4 e5 2. Nf3 Nc6 3. Bb5 a6 4. Ba4 Nf6 5. O-O Be7 6. d3 b5 7. Bb3 O-O 8. a4 Bb7 9. c3 d6 10. Nbd2 Na5 11. Bc2 c5 12. Re1 Re8 {C88: Closed Ruy Lopez: Anti-Marshall Systems} (12... Nc6 13. Nf1 Re8 14. Ng3 h6 15. d4 cxd4 16. cxd4 Nxd4 17. Nxd4 exd4 18. Qxd4 Rc8 19. Bd3 d5 20. e5 Bc5 21. Qf4 Ne4 22. Nxe4 dxe4 23. Bxe4 Bxe4 24. Qxe4 {½-½ (66) Tari,A (2521)-Halkias,S (2534) Berlin 2015}) 13. Nf1 Bf8 (13... b4 $11) 14. Ng3 ({White should play} 14. axb5 $14 axb5 15. Bg5) 14... g6 {The position is equal.} 15. d4 (15. Bg5 $14) 15... Qc7 16. d5 c4 17. Bg5 $146 ({Predecessor:} 17. h3 Bc8 18. Nh2 Bd7 19. f4 Nb7 20. Qf3 Bg7 21. Rf1 h6 22. fxe5 dxe5 23. Bxh6 Bxh6 24. Qxf6 Rf8 25. axb5 Bxb5 26. Nf5 {1-0 (26) Lampert,J (2107)-Galkin,W (1940) Oberhof 2010}) 17... Bg7 18. h3 h6 19. Be3 Nd7 20. h4 Nc5 (20... h5 $1 $11) 21. h5 $14 Nab3 22. Rb1 (22. Ra2 $16) 22... Bc8 $11 23. Nh2 Qe7 24. Rf1 bxa4 25. Ng4 Qh4 26. Nh2 $1 Rf8 (26... Bd7 $15) 27. f4 $2 (27. Nf3 $11 {and White has nothing to worry.} Qd8 28. Nd2) 27... exf4 (27... Qxg3 $6 28. Bf2 $11) (27... a3 $1 $19 {[%cal Ra3a2] White must now prevent ...a2.} 28. Qf3 a2) 28. Bxf4 $15 Be5 ({Better is} 28... Nb7 $15 29. Nh1 Bd7) 29. Bxe5 $11 dxe5 30. Rf3 Bd7 31. Qe2 Qg5 {Threatens to win with ...Nd2.} (31... gxh5 32. Nxh5 $1 {[%mdl 512]} Kh8 33. Nf6 $16) 32. Rd1 Rac8 (32... gxh5 $6 33. Nxh5 Nc1 34. Qf2 $16 (34. Qxc4 Qxh5 35. Rxc1 Rac8 $16)) 33. Qf2 Nc1 ({Reject} 33... gxh5 $6 34. Nf5 $16) 34. Rf1 {[%cal Rf3f7]} N1d3 35. Bxd3 $1 Nxd3 36. Qa7 {[%mdl 64] Double Attack} Rcd8 37. hxg6 fxg6 $2 {[%mdl 8192]} (37... Qxg6 $11 {and Black is okay.} 38. Ne2 Kh8) 38. Ne2 $2 (38. Rxf8+ $18 Rxf8 39. Qxd7 Qe3+ 40. Kh1 Nf2+ 41. Rxf2 Qxf2 42. Qe6+ {[%mdl 64] Double Attack} Kh8 43. Qxe5+ Qf6 44. Qc7) 38... Rxf3 39. Nxf3 Qe7 40. Qxa6 Kg7 41. Qb6 (41. Nc1 $11) 41... Bg4 $15 {...Bxf3 is the strong threat.} 42. Qe3 $2 (42. Kh2 $1 $15) 42... Bxf3 $19 ({Inferior is} 42... Nxb2 {[#]} 43. Ned4 $1 $11 {[%mdl 512]}) 43. Rxf3 Qc5 ({Weaker is} 43... Nxb2 44. Qb6 $17) 44. Qxc5 Nxc5 {[%mdl 4096] Endgame KRN-KRN} 45. Rf1 Rb8 {Black is clearly winning.} 46. d6 (46. Kf2 $142 Rxb2 47. Ra1) 46... Rxb2 47. Nd4 exd4 48. cxd4 Nxe4 49. d7 Rb8 50. Re1 Nf6 {Accuracy: White = 27%, Black = 58%.} 0-1

[Event "3rd Sharjah Masters 2019"]
[Site "Sharjah"]
[Date "2019.03.30"]
[Round "9.27"]
[White "Assaubayeva, Bibisara"]
[Black "Idani, Pouya"]
[Result "0-1"]
[WhiteElo "2376"]
[BlackElo "2604"]
[Annotator "TA"]
[PlyCount "60"]
[EventDate "2019.03.22"]
[EventType "swiss"]
[EventCountry "UAE"]
[SourceTitle "playchess.com"]
[Source "ChessBase"]
[SourceQuality "1"]

{[%evp 10,60,25,11,25,0,0,0,0,-20,-22,-36,-48,-102,-104,-186,-178,-196,-221,-210,-206,-197,-208,-213,-133,-140,-116,-138,-144,-213,-227,-216,-222,-268,-268,-268,-264,-257,-260,-262,-250,-320,-298,-379,-365,-437,-437,-437,-432,-431,-431,-416,-365]} 1. e4 c5 2. Nf3 d6 3. d4 cxd4 4. Nxd4 Nf6 5. Nc3 a6 6. Nb3 Nbd7 {B90: Sicilian Najdorf: Unusual White 6th moves, 6 Be3 Ng4 and 6 Be3 e5} (6... g6 7. Be3 Bg7 8. Qd2 Ng4 9. Bg5 h6 10. Bh4 g5 11. Bg3 Nc6 12. Be2 Nge5 13. h4 gxh4 14. Bxh4 {0-1 (35) Alekseenko,K (2638)-Nepomniachtchi,I (2763) St Petersburg 2018}) 7. Be3 b5 8. f3 Bb7 {The position is equal.} 9. a3 e6 10. g4 $146 ({Predecessor:} 10. Be2 Be7 11. O-O Rc8 12. Nd2 d5 13. exd5 Nxd5 14. Nxd5 Bxd5 {0-1 (32) Markovic,M (2208)-Popovic,A (2248) Belgrade 2018}) 10... h6 $1 11. Rg1 (11. Bd3 $15) 11... d5 $17 12. h4 (12. Bd3 $17) 12... dxe4 $19 13. g5 hxg5 14. hxg5 Nd5 (14... exf3 15. gxf6 Rh2 16. Qd4 $11) 15. Nxd5 Bxd5 ({Resist} 15... exd5 16. fxe4 dxe4 17. Qd4 $17) 16. fxe4 Bxb3 17. cxb3 {[#]} Bc5 $1 $36 {[%cal Rc5e3][%mdl 2048] Keeping White busy.} 18. Qe2 Rh4 19. Bg2 (19. Bxc5 $17 Nxc5 20. Rd1 Rxe4 21. Rxd8+ Rxd8 22. Rg3 Rxe2+ 23. Bxe2) 19... Qb6 20. Bf2 {[#]} Rg4 $1 {[%mdl 512]} 21. b4 (21. Qxg4 Bxf2+) 21... Bxf2+ 22. Qxf2 {[#]} Rc8 $1 ({Not} 22... Rxg5 23. Qxb6 Nxb6 24. Kf2 $17) 23. Rf1 Qxf2+ 24. Rxf2 Ne5 25. Rd1 Rxg5 26. Kf1 Rg3 27. Re2 Ke7 28. Kf2 Rb3 29. Red2 g5 30. Ke2 Rc7 {Accuracy: White = 14%, Black = 100%.} 0-1

[Event "3rd Sharjah Masters 2019"]
[Site "Sharjah"]
[Date "2019.03.30"]
[Round "9.28"]
[White "Jeet, Jain"]
[Black "Gukesh, D."]
[Result "0-1"]
[WhiteElo "2219"]
[BlackElo "2529"]
[Annotator "TA"]
[PlyCount "70"]
[EventDate "2019.03.22"]
[EventType "swiss"]
[EventCountry "UAE"]
[SourceTitle "playchess.com"]
[Source "ChessBase"]
[SourceQuality "1"]

{[%evp 37,70,18,26,18,47,25,33,15,22,16,30,0,0,0,0,0,63,18,25,18,27,-1074,-1063,-1019,-809,-4834,-4814,-29987,-29988,-29988,-29989,-29989,-29990,-29994,-29995]} 1. e4 c5 2. Nf3 Nc6 3. d4 cxd4 4. Nxd4 Nf6 5. Nc3 e5 6. Ndb5 d6 7. Bg5 a6 8. Na3 b5 9. Nd5 Qa5+ 10. Bd2 Qd8 11. Bg5 Be7 12. Bxf6 Bxf6 13. c3 Bg5 14. Nc2 Rb8 15. a4 bxa4 {B33: Sicilian: Pelikan and Sveshnikov Variations} 16. Ncb4 Nxb4 17. cxb4 O-O (17... Bd7 18. Bxa6 O-O 19. O-O Qe8 20. b3 axb3 21. Qxb3 Bd8 22. Bc4 Kh8 23. Ra2 {½-½ (30) Karjakin,S (2773)-Dubov,D (2666) Tbilisi 2017}) 18. Rxa4 a5 19. b5 Bd7 {LiveBook: 28 Games} 20. Nc3 {[#]} d5 $1 {[%mdl 512]} 21. exd5 {[#]} (21. Nxd5 Bxb5) 21... Rb6 $146 ({Predecessor:} 21... f5 22. Be2 e4 23. O-O {0-1 (37) Haba,P (2444)-Banusz,T (2616) Austria 2017}) 22. Rxa5 {Strongly threatening Bd3.} e4 {[%cal Be5e4,Be4e3][%mdl 32]} 23. Ra4 ({Weaker is} 23. Nxe4 Re8 $17) 23... e3 {...exf2+ is the strong threat.} 24. f4 Bf6 25. Re4 Qc7 $36 {[%mdl 2048] Black has some pressure.} 26. Qb3 g5 (26... Ra8 $11) 27. fxg5 Bxg5 28. Be2 {Hoping for 0-0.} Rh6 29. Bg4 $2 {[%mdl 8192]} (29. Qc4 $11 Qd6 30. Qb4) 29... Rxh2 $19 30. Rxh2 Qxh2 31. Bxd7 Qxg2 {( -> ...Qd2+)} 32. Rd4 Ra8 {Black mates.} 33. Qa3 Rxa3 34. bxa3 Qc2 35. Nd1 {[#]} Bh4+ $1 {[%mdl 512] Precision: White = 38%, Black = 70%.} 0-1

[Event "3rd Sharjah Masters 2019"]
[Site "Sharjah"]
[Date "2019.03.30"]
[Round "9.29"]
[White "Arencibia Rodriguez, Walter"]
[Black "Sidhant, Mohapatra"]
[Result "1/2-1/2"]
[WhiteElo "2506"]
[BlackElo "2348"]
[Annotator "TA"]
[PlyCount "50"]
[EventDate "2019.03.22"]
[EventType "swiss"]
[EventCountry "UAE"]
[SourceTitle "playchess.com"]
[Source "ChessBase"]
[SourceQuality "1"]

{[%evp 19,50,0,10,0,0,0,3,0,2,0,33,35,27,0,0,-22,-14,-22,-16,-10,-12,-6,-8,-10,-10,-5,-12,-24,-9,-9,-7,-14,-6]} 1. d4 d5 2. c4 c6 3. Nc3 Nf6 4. e3 e6 5. Nf3 Nbd7 6. Bd3 dxc4 7. Bxc4 b5 8. Bd3 Bd6 9. O-O O-O 10. Qc2 Bb7 11. Ng5 {[%cal Rd3h7] D46: Semi-Slav: 5 e3 Nbd7 6 Bd3, Black avoids the Meran} h6 12. Nge4 Be7 13. Nxf6+ Nxf6 14. Ne4 Nd7 15. Rd1 Qb6 16. a4 a6 {[#]} 17. Qb3 $146 ({Predecessor:} 17. a5 Qa7 18. Bd2 c5 19. Nxc5 Nxc5 20. dxc5 Qxc5 21. Qxc5 Bxc5 {½-½ (34) Baramidze,D (2613)-Negi,P (2671) Germany 2013}) 17... c5 18. dxc5 Nxc5 19. Nxc5 Bxc5 20. axb5 Bd5 21. Qc2 {next b4 is good for White.} axb5 22. Rxa8 Rxa8 23. Bd2 Be7 24. e4 Bc4 25. Bxc4 bxc4 1/2-1/2

[Event "3rd Sharjah Masters 2019"]
[Site "Sharjah"]
[Date "2019.03.30"]
[Round "9.30"]
[White "Gokhale, Chandrashekhar"]
[Black "Nasanjargal, Urtnasan"]
[Result "0-1"]
[WhiteElo "2185"]
[BlackElo "2503"]
[Annotator "TA"]
[PlyCount "52"]
[EventDate "2019.03.22"]
[EventType "swiss"]
[EventCountry "UAE"]
[SourceTitle "playchess.com"]
[Source "ChessBase"]
[SourceQuality "1"]

{[%evp 14,52,-24,-17,0,-10,0,-12,-6,-15,-20,-31,-13,-19,-2,-2,-4,-26,0,0,0,-25,-14,-79,-82,-222,-202,-199,-194,-204,-188,-181,-187,-391,-383,-365,-241,-241,-233,-238,-229]} 1. Nf3 Nf6 2. g3 Nc6 3. Bg2 e5 4. d3 d5 5. O-O Be7 6. Nbd2 O-O 7. e4 dxe4 8. dxe4 b6 {A07: Réti Opening: New York and Capablanca Systems} 9. Re1 Ba6 10. Bf1 Bxf1 {The position is equal.} 11. Rxf1 $146 ({Predecessor:} 11. Kxf1 Qd7 12. Kg2 Rad8 13. c3 Rfe8 14. Qe2 Bf8 15. Nf1 h6 16. N3d2 {0-1 (38) Stanec,N (2541)-Mamedov,R (2626) Novi Sad 2009}) 11... Qd7 12. c3 h6 13. Kg2 Rfd8 14. Qe2 a6 15. Nh4 g6 16. Re1 Kg7 $36 {[%mdl 2048] Black fights for an advantage.} 17. Nf1 Qe6 18. f3 (18. h3 $11 {keeps the balance.}) 18... Nh5 $17 19. Be3 (19. Ne3 $17) 19... Bxh4 $19 20. gxh4 Qf6 21. Ng3 Nf4+ ({Don't play} 21... Qxh4 22. Nxh5+ Qxh5 23. Red1 $15) 22. Bxf4 exf4 23. e5 $2 (23. Nh1) 23... Qxh4 24. Qe4 Qg5 {[%mdl 64] [#] Pin} 25. Qxc6 {Threatening Qf6+.} Rd2+ ({Resist} 25... fxg3 26. Re2) 26. Kh3 {Strongly threatening Qf6+!} fxg3 {Accuracy: White = 30%, Black = 53%.} 0-1

[Event "3rd Sharjah Masters 2019"]
[Site "Sharjah"]
[Date "2019.03.30"]
[Round "9.31"]
[White "Vignesh, N R"]
[Black "Omar, Noaman"]
[Result "1/2-1/2"]
[WhiteElo "2476"]
[BlackElo "2356"]
[Annotator "TA"]
[PlyCount "138"]
[EventDate "2019.03.22"]
[EventType "swiss"]
[EventCountry "UAE"]
[SourceTitle "playchess.com"]
[Source "ChessBase"]
[SourceQuality "1"]

{[%evp 23,138,23,23,22,33,28,44,0,0,0,12,16,12,16,22,14,41,35,43,47,39,22,53,53,58,68,108,60,92,81,92,82,98,60,60,60,84,84,86,81,81,81,81,81,81,81,81,81,81,84,85,85,88,88,202,66,74,44,94,94,81,58,43,58,62,0,0,0,204,185,180,196,196,179,195,0,0,0,0,0,0,0,0,0,0,0,0,0,0,0,0,0,0,0,0,0,8,0,0,0,0,0,0,0,8,0,0,0,0,0,0,-926,-809,-6087,-4104,-12803,-11219]} 1. e4 c6 2. d4 d5 3. Nd2 dxe4 4. Nxe4 Bf5 5. Ng3 Bg6 6. h4 h6 7. Nf3 e6 8. Ne5 Bh7 9. Bd3 Bxd3 10. Qxd3 Nd7 {B19: Classical Caro-Kann: 4...Bf5 main line} 11. Bf4 Qa5+ (11... Nxe5 12. Bxe5 Qa5+ 13. c3 Nf6 14. Qe2 Nd7 15. Bf4 Be7 16. Ne4 Nf6 17. Nxf6+ Bxf6 18. h5 Bxd4 {½-½ (69) Saric,I (2690)-Eljanov,P (2680) chess.com INT 2019}) 12. c3 Nxe5 {LiveBook: 12 Games. White has an edge.} 13. dxe5 Rd8 14. Qe2 Ne7 15. h5 Nd5 16. Bd2 Qb5 17. b3 $146 ({Predecessor:} 17. Qxb5 cxb5 18. a4 {0-1 (59) Zawadzka,J (2383)-Handke,F (2545) Legnica 2013}) 17... Qxe2+ 18. Kxe2 f5 19. exf6 gxf6 20. c4 Nb4 21. Bc3 Be7 22. Ne4 $36 {[%mdl 2048] White has the initiative.} Kf7 23. Rh3 $1 {Nxf6! is the strong threat.} Nc2 24. Rd1 e5 25. g4 Ke6 26. Rhd3 Rxd3 27. Kxd3 Nd4 28. Bxd4 Rd8 $1 {[%cal Rd8d4]} 29. Ke2 Rxd4 30. Rxd4 exd4 $14 {[%mdl 4096] Endgame KB-KN} 31. Ng3 $1 Ke5 32. Nf5 Bf8 33. Nh4 Bd6 34. Ng6+ Ke6 35. Kd3 c5 36. Ke4 f5+ 37. gxf5+ Kf6 38. f4 Kf7 (38... Be7 $16 {keeps fighting.}) 39. Nh4 (39. Ne5+ $18 Kg7 40. Ng4) 39... Kf6 40. Ng2 d3 41. Kxd3 {Strongly threatening Ke4.} Kxf5 42. Ke3 Kg4 $1 43. Ke4 Bf8 44. Ke5 (44. Ne3+ $14 Kxh5 45. Kf5) 44... Bg7+ $11 45. Ke6 Bd4 $2 (45... Kxh5 $11 {and Black is okay.} 46. Kf5 Bd4) 46. f5 $18 {Black must now prevent f6.} Kxh5 47. f6 {aiming for f7.} Kg5 48. f7 Bg7 49. Ke7 $2 (49. Kd7 $18) 49... h5 $11 50. f8=Q Bxf8+ 51. Kxf8 {KN-KP} Kg4 52. Kf7 Kg3 53. Ne3 Kf4 $1 {[%cal Rf4e3]} 54. Nf1 h4 55. Kg6 h3 56. Kh5 Kf3 57. Kh4 Kf2 58. Nh2 (58. Kxh3 $2 Kxf1 59. Kg4 Ke2 $19) 58... Kg2 59. Ng4 b6 60. Ne3+ Kf3 61. Nf5 ({But not} 61. Kxh3 $2 Kxe3 62. Kg2 Kd3 $19) (61. Nf1 {keeps more tension.} Kg2 62. Ng3 a6 63. a3 h2 64. Kg4) 61... h2 62. Ng3 Kg2 63. Kg4 Kf2 64. Kf4 Kg2 65. a3 a5 66. a4 Kf2 67. Nh1+ $2 {[%mdl 8192] [#]} (67. Kg4 $11) 67... Ke2 $1 $19 {Hoping for ...Kd3.Black is clearly winning.} 68. Ke4 {[#]} Kd2 $1 {[%cal Rd2c2]} 69. Kd5 Ke3 {[%mdl 32768] Precision: White = 55%, Black = 69%. . An unexpected result.} 1/2-1/2

[Event "3rd Sharjah Masters 2019"]
[Site "Sharjah"]
[Date "2019.03.30"]
[Round "9.32"]
[White "Franco Valencia, Angela"]
[Black "Darini, Pouria"]
[Result "0-1"]
[WhiteElo "2141"]
[BlackElo "2474"]
[Annotator "TA"]
[PlyCount "124"]
[EventDate "2019.03.22"]
[EventType "swiss"]
[EventCountry "UAE"]
[SourceTitle "playchess.com"]
[Source "ChessBase"]
[SourceQuality "1"]

{[%evp 17,124,41,29,-7,0,-14,14,8,18,5,18,0,12,0,11,9,3,-21,-10,-17,-9,-27,0,-6,-20,-15,-8,-92,-32,-55,-50,-62,-70,-105,-36,-103,-97,-92,-70,-98,-85,-95,-97,-91,-96,-120,-98,-97,-102,-102,-101,-112,-109,-137,-125,-135,0,-115,-97,-193,-193,-185,-186,-181,-187,-237,-237,-237,-231,-233,-227,-268,-256,-266,-231,-339,-348,-430,-300,-294,-294,-293,-293,-392,-377,-457,-454,-449,-457,-472,-455,-606,-597,-710,-562,-615,-615,-685,-665,-645,-591,-750,-734,-728,-718,-750,-736,-711,-685]} 1. e4 c5 2. Nf3 d6 3. d4 cxd4 4. Nxd4 Nf6 5. Nc3 a6 6. g3 g6 7. Bg2 Bg7 8. O-O O-O 9. h3 Nc6 10. Nde2 {B91: Sicilian Najdorf: 6 g3} (10. Be3 Nxd4 11. Bxd4 b5 12. Nd5 Bb7 13. Bxf6 Bxf6 14. Nxf6+ exf6 15. c3 Re8 16. Re1 Re6 17. Re3 Qc7 {½-½ (62) Fedoseev,V (2713)-Van Foreest,J (2617) Hoogeveen 2018}) 10... Rb8 11. a4 b6 12. Bg5 {The position is equal.} Bb7 $146 ({Predecessor:} 12... h6 13. Be3 Bb7 14. Qd2 Kh7 15. Rad1 Ne5 16. b3 b5 17. axb5 axb5 {1-0 (40) Djingarova,E (2235)-Doncheva,M (2085) Plovdiv 2001}) 13. Qd2 Re8 14. Rad1 b5 15. axb5 axb5 16. Nd5 Nd7 17. c3 b4 18. cxb4 Ba6 19. Rfe1 Nb6 20. b5 Bxb5 21. Nec3 Bc4 22. Ra1 (22. b4 $11) 22... Ne5 (22... Nd4 $17 23. Ra7 Nc6) 23. Ra7 {[%cal Rd5e7]} Bxd5 24. Nxd5 Nxd5 25. exd5 Rb3 (25... Rxb2 $17 26. Qxb2 Nf3+ 27. Bxf3 Bxb2 28. Rexe7 Rxe7 29. Bxe7 Qb6 30. Ra8+ Kg7 31. Bf8+ Kf6) 26. Qa5 ({White should play} 26. Re2 $15) 26... Qxa5 $17 27. Rxa5 Rxb2 28. Ra4 h6 29. Be3 Reb8 30. Ra7 Bf6 31. Rc1 Rb1 {And now ...Rxc1+ would win.} 32. Rxb1 Rxb1+ 33. Kh2 Kg7 34. Ra2 h5 35. Be4 Rb4 36. Bg2 Rb1 37. Be4 Re1 38. Rc2 {[#]} (38. Ra4 $17 {was called for.}) 38... Bg5 $1 $19 {[%mdl 512]} 39. Bxg5 {Be3 is the strong threat.} Rxe4 {[%mdl 4096] Endgame KRB-KRN} 40. Kg2 Nd3 41. Rc7 {[#]} f6 $1 {[%cal Rf6g5]} 42. Bd2 Kf7 43. Rb7 Re5 44. Ba5 Rxd5 45. Bd8 Re5 46. f4 (46. Bc7 $142) 46... Re3 47. Ra7 f5 48. Bb6 Re4 49. Ra3 Nb4 50. Ra8 {[#]} h4 $1 51. gxh4 Nd5 {Black is clearly winning.} 52. Bf2 Nxf4+ 53. Kg3 Rc4 54. Rh8 e5 55. Be1 Rd4 56. Rh7+ Ke6 57. Ba5 Rd3+ 58. Kf2 Nxh3+ 59. Ke2 Nf4+ 60. Kf2 e4 61. Rh8 Rf3+ 62. Ke1 e3 {Accuracy: White = 29%, Black = 71%.} 0-1

[Event "3rd Sharjah Masters 2019"]
[Site "Sharjah"]
[Date "2019.03.30"]
[Round "9.33"]
[White "Mendonca, Leon Luke"]
[Black "Sharma, Dinesh K."]
[Result "1/2-1/2"]
[WhiteElo "2446"]
[BlackElo "2286"]
[Annotator "TA"]
[PlyCount "53"]
[EventDate "2019.03.22"]
[EventType "swiss"]
[EventCountry "UAE"]
[SourceTitle "playchess.com"]
[Source "ChessBase"]
[SourceQuality "1"]

{[%evp 9,53,9,20,10,14,13,7,1,13,8,16,11,38,-17,18,15,25,24,14,-3,-1,-6,12,19,16,14,26,21,25,19,17,18,31,0,0,-12,10,-47,-47,-54,-45,-44,-45,-47,-45,-53]} 1. d4 d5 2. c4 c6 3. Nf3 Nf6 4. g3 Bf5 5. Nc3 e6 6. Nh4 {D11: Slav Defence: 3 Nf3 sidelines and 3...Nf6 4 e3 Bg4} dxc4 7. Nxf5 exf5 8. e3 {The position is equal.} Nbd7 {[%cal Bb8d7,Bd7b6,Bb6d5][%mdl 32]} 9. Bxc4 {[#] Threatens to win with Qb3.} Nb6 10. Bb3 g6 $146 ({Predecessor:} 10... h5 11. Qd3 Qd7 12. Bd2 h4 {½-½ (31) Mamedyarov,S (2764)-Tomashevsky,E (2701) Baku 2014}) 11. Qe2 (11. O-O $14) 11... Bb4 (11... a5 {looks sharper.} 12. a3 Bg7 13. f3 O-O 14. O-O Re8) 12. Bd2 (12. a3 {is more complex.} Ba5 13. O-O O-O 14. Bd2 Re8 15. f3) 12... Qe7 13. a3 (13. f3 {with more complications.} O-O 14. O-O Rad8 15. a3 Ba5 16. Qf2) 13... Bxc3 14. Bxc3 Nbd5 15. Bd2 O-O-O 16. O-O-O Kb8 17. Rhe1 Ne4 18. f3 Nxd2 19. Qxd2 Nc7 20. Kb1 Rhe8 21. Qg2 Qf6 22. g4 h6 23. Qg3 ({White should play} 23. h4 $11) 23... Rxe3 $1 $15 {[%mdl 64] [#] Remove Defender, Decoy. Black is slightly better.} 24. Rxe3 f4 25. Qg1 ({Don't play} 25. g5 hxg5 26. Qg1 fxe3 $17) 25... fxe3 26. Qxe3 g5 27. Rd3 {Accuracy: White = 56%, Black = 50%.} 1/2-1/2

[Event "3rd Sharjah Masters 2019"]
[Site "Sharjah"]
[Date "2019.03.30"]
[Round "9.34"]
[White "Akshat, Khamparia"]
[Black "Mullick, Raahil"]
[Result "1/2-1/2"]
[WhiteElo "2415"]
[BlackElo "2275"]
[Annotator "TA"]
[PlyCount "50"]
[EventDate "2019.03.22"]
[EventType "swiss"]
[EventCountry "UAE"]
[SourceTitle "playchess.com"]
[Source "ChessBase"]
[SourceQuality "1"]

{[%evp 9,50,0,22,23,50,41,48,30,27,17,19,26,25,18,14,26,104,43,55,6,16,0,33,19,28,35,70,60,69,59,56,57,58,47,103,95,104,114,107,106,100,0,8]} 1. d4 d5 2. c4 c6 3. Nf3 Nf6 4. Nbd2 Bf5 5. Nh4 (5. Qb3 Qb6 6. Nh4 Be4 7. e3 e6 8. Be2 Be7 9. Nxe4 dxe4 10. g3 c5 11. Bd2 cxd4 12. exd4 Nc6 13. Bc3 O-O-O {1-0 (49) Mamedyarov,S (2808)-So,W (2778) Leuven 2018}) 5... Bg4 (5... Be4 $5) 6. h3 {D11: Slav Defence: 3 Nf3 sidelines and 3...Nf6 4 e3 Bg4} Bh5 7. Qb3 {Hoping for g4.} Qb6 8. e3 {White is slightly better.} e6 9. cxd5 $146 ({Predecessor:} 9. g4 Bg6 10. Nxg6 hxg6 11. Bg2 Qxb3 12. axb3 Na6 13. O-O {½-½ (66) Aguilera Lopez,A (2098)-De la Fuente Gonzalez,F (2213) Madrid 2018}) 9... exd5 10. Bd3 Nbd7 11. Qxb6 axb6 12. f4 Bd6 {[#]} (12... h6 $1 $11 {remains equal.}) 13. Kf2 ({White should try} 13. O-O $1 $16) 13... Be7 $14 14. Nf5 Bf8 15. Nh4 Be7 16. g3 h6 17. f5 Ng8 18. Ng2 $1 {g4 is the strong threat.} f6 $1 19. Re1 Bf7 20. e4 dxe4 21. Nxe4 {aiming for Nd6+.} Kd8 (21... O-O-O $14) 22. Bf4 b5 23. Nd6 Bxd6 24. Bxd6 Nb6 25. Bf8 (25. Nf4 $16) 25... Kd7 {Accuracy: White = 55%, Black = 64%.} 1/2-1/2

[Event "3rd Sharjah Masters 2019"]
[Site "Sharjah"]
[Date "2019.03.30"]
[Round "9.35"]
[White "Dr., Murtaza Ali"]
[Black "Sundararajan, Kidambi"]
[Result "0-1"]
[WhiteElo "2084"]
[BlackElo "2413"]
[Annotator "TA"]
[PlyCount "58"]
[EventDate "2019.03.22"]
[EventType "swiss"]
[EventCountry "UAE"]
[SourceTitle "playchess.com"]
[Source "ChessBase"]
[SourceQuality "1"]

{[%evp 17,58,-26,-16,-19,-13,-32,-20,-17,-19,-44,-38,-62,-54,-92,-81,-170,-133,-132,-102,-112,-102,-129,-116,-115,-105,-116,-112,-174,-173,-168,-157,-204,-203,-209,-201,-340,-318,-364,-359,-931,-923,-895,-867]} 1. e4 c6 2. Nc3 d5 3. Nf3 Bg4 4. exd5 cxd5 5. h3 Bxf3 6. Qxf3 e6 7. Bb5+ Nc6 8. O-O {B11: Caro-Kann: Two Knights Variation} Nf6 (8... Bd6 9. d4 Nge7 10. Ne2 a6 11. Bxc6+ Nxc6 12. c3 O-O 13. Bf4 b5 14. a3 Na5 15. Qg3 Bxf4 16. Nxf4 {½-½ (34) Csonka,A (2347)-Bakos,B (2419) Hungary 2019}) 9. Re1 Be7 {LiveBook: 3 Games} 10. b3 {The position is equal.} Rc8 11. Bb2 $146 ({Predecessor:} 11. Ne2 Qb6 12. Bxc6+ Rxc6 13. c3 O-O 14. Ng3 Rfc8 15. Bb2 Bc5 {0-1 (42) Castilla Arteaga,C (1764)-Sos Andreu,E (2025) Mislata 2011}) 11... O-O 12. Bxc6 Rxc6 13. Rac1 Qa5 14. a4 a6 15. Re5 Qc7 16. Rce1 (16. Ree1 $17) 16... d4 {White must now prevent ...Bd6.} 17. Nb1 Rd8 18. c4 dxc3 19. dxc3 Nd7 $1 {[%cal Rd7e5,Bf6d7,Bd7c5,Bc5d3][%mdl 32]} 20. R5e2 Nc5 21. c4 Nd3 $36 {[%mdl 2048] Black has strong initiative.} 22. Rf1 (22. Rd1 $17 Rcd6 23. Nc3) 22... Nxb2 $19 23. Rxb2 Rcd6 $1 {[%cal Bc6d6,Bd6d3,Bd3d1][%mdl 32]} 24. Re2 {[#]} Bg5 $1 25. Qg3 {[#]} Qe7 $1 26. f4 (26. Qe5 $142) 26... Bh4 27. Qe3 Rd3 28. Qe4 $2 (28. Qe5) 28... Qc5+ 29. Kh1 Rd1 {Accuracy: White = 27%, Black = 78%.} 0-1